|
|
|
|
| LEADER |
00000nam0a2200000 4500 |
| 001 |
278950 |
| 005 |
20231101235149.0 |
| 020 |
|
|
|a RU
|b 86-42016
|
| 035 |
|
|
|a (RuTPU)RU\TPU\book\302228
|
| 090 |
|
|
|a 278950
|
| 100 |
|
|
|a 20141216d1986 km y0rusy5003 ca
|
| 101 |
0 |
|
|a rus
|
| 102 |
|
|
|a RU
|
| 105 |
|
|
|a ac z 001zd
|
| 200 |
1 |
|
|a Николай Семенович Курнаков, 1860-1941
|f Ю. И. Соловьев
|g Академия наук СССР (АН СССР)
|
| 210 |
|
|
|a Москва
|c Наука
|d 1986
|
| 215 |
|
|
|a 271 с.
|c ил.
|
| 225 |
1 |
|
|a Научно-биографическая серия
|
| 320 |
|
|
|a Библиогр. тр. Н. С. Курнакова, лит. о нем и его тр.: с. 208-236
|
| 320 |
|
|
|a Имен. указ.: с. 264-268
|
| 606 |
1 |
|
|a Химики
|x Персоналии
|2 stltpush
|3 (RuTPU)RU\TPU\subj\69968
|9 84576
|
| 610 |
1 |
|
|a химия
|
| 610 |
1 |
|
|a химическая наука
|
| 610 |
1 |
|
|a физическая химия
|
| 610 |
1 |
|
|a физико-химический анализ
|
| 610 |
1 |
|
|a ученые-химики
|
| 610 |
1 |
|
|a 20 век
|
| 610 |
1 |
|
|a история
|
| 675 |
|
|
|a 54(092)
|v 4
|
| 700 |
|
1 |
|a Соловьев
|b Ю. И.
|g Юрий Иванович
|4 070
|
| 712 |
0 |
2 |
|a Академия наук СССР (АН СССР)
|c (1925-1991)
|2 stltpush
|3 (RuTPU)RU\TPU\col\722
|
| 801 |
|
0 |
|a RU
|b RuMRKP
|c 19950704
|g psbo
|
| 801 |
|
1 |
|a RU
|b 63413507
|c 20141216
|
| 801 |
|
2 |
|a RU
|b 63413507
|c 20180126
|g RCR
|
| 942 |
|
|
|c BK
|